[Event "TORNEIO DE ANIVERSÁRIO DO CLUBE MILITAR-RJ 2024"]
[Site "Av.  Rio Branco  251 -  4º andar - Cinelândia - Centro-RJ"]
[Date "2024.06.18"]
[Round "4.1"]
[White "Carlos Henrique Luz Da Costa"]
[Black "Jorge Antonio Torres Chaves"]
[Result "0-1"]
[WhiteElo "2062"]
[BlackElo "1986"]
[Annotator "Carvalho"]
[PlyCount "86"]
[EventDate "2024.06.06"]

{[%evp 18,86,-15,-15,-5,-37,-8,-66,-65,-100,-92,-112,-34,-124,-64,-69,-69,-97,-89,-217,-171,-241,-79,-80,-67,-71,-56,-67,-75,-242,-239,-237,-241,-240,-232,-220,-204,-280,-292,-290,-231,-232,-224,-173,-29,-36,-30,-30,169,164,159,164,264,138,226,210,222,225,198,190,203,70,162,3,0,0,0,-3,-2,-523,-506]} 1. d4 Nf6 2. Nf3 d5 3. g3 Bf5 4. Bg2 c6 5. Nbd2 h6 6. b3 e6 {[%cal Be7e6,Be6e5,Be5e4][%mdl 32]} 7. O-O Nbd7 8. Bb2 Be7 9. c4 O-O 10. Re1 Ne4 {A12: English Opening: 1...c6 with b3 by White.} 11. c5 $146 ({RR} 11. Ne5 {[%eval -119,28] [%wdl 0,310,690] 11.xe4 -0.03} Nxd2 12. Nxd7 Nxc4 $1 13. Nxf8 Nxb2 14. Nxe6 Bxe6 {[%eval -12,29] [%wdl 12,957,31]} (14... fxe6 $17 {[%eval -156,27] [%wdl 0,93,907]} 15. Qd2 Ba3) 15. Qd2 $11 Ba3 {Threatens to win with ...Qg5.} 16. Rab1 Qb6 {...a5 is the strong threat.} 17. Qf4 $2 {[%eval -322,23] [%wdl 0,0,1000][%mdl 8192]} (17. e3 $11 {[%eval -19,26] [%wdl 7,957,36] and White has nothing to worry.}) 17... a5 $19 18. Qe3 Bf5 19. Rbc1 Bb4 20. Rf1 a4 21. h3 a3 22. g4 Bg6 23. f4 f6 24. f5 Re8 25. Qf2 Bf7 {0-1 Mendoza Gomez Juana Fernanda (1754)-Sepulveda Tuberquia,F (2025) 17th American Cont Rapid 2024 (5.54)}) ({Predecessor:} 11. e3 Nxd2 12. Qxd2 Be4 13. Qe2 a5 14. Bc3 a4 15. b4 dxc4 16. Qxc4 Nb6 17. Qe2 Nd5 18. Qd2 Nxc3 19. Qxc3 {0-1 Henriquez Villagra,C (2618)-Palczert,M (2340) Titled Tuesday intern op 04th Jul Early blitz 2023 (3)}) 11... e5 12. b4 {[%eval -66,28] [%wdl 2,769,229]} (12. Nxe5 $11 {[%eval -8,30] [%wdl 18,949,33]} Nxe5 13. Nxe4) 12... Nxd2 $15 {Black is more active. Black is slightly better.} 13. Qxd2 e4 14. Ne5 Nf6 {[%eval -34,25] [%wdl 5,922,73]} (14... Re8 $17 {[%eval -112,21] [%wdl 0,364,636]}) 15. b5 {[%eval -124,27] [%wdl 0,259,741]} (15. f3 $15 {[%eval -34,25] [%wdl 5,922,73]}) 15... Qc8 {[%eval -64,25] [%wdl 1,799,200]} (15... cxb5 $17 {[%eval -124,27] [%wdl 0,259,741]} 16. f3 Qc8) 16. bxc6 bxc6 17. Qa5 Qe6 (17... e3) 18. e3 {[%eval -217,22] [%wdl 0,6,994]} (18. Rad1 $17 {[%eval -89,26] [%wdl 0,592,408] is a better defense.}) 18... Rfc8 19. Rab1 {[%eval -241,26] [%wdl 0,2,998]} (19. Qa6 $142 {[%eval -171,26] [%wdl 0,41,959]}) 19... Bh3 $2 {[%eval -79,27] [%wdl 0,701,299]} (19... Ne8 $19 {[%eval -241,26] [%wdl 0,2,998] White must now prevent ...f6.} 20. h3 f6) 20. Qa6 Bxg2 21. Kxg2 Nh7 22. Qe2 Bf6 ({Much worse is} 22... Ng5 23. h4 Qh3+ 24. Kg1 $11) 23. Bc3 $2 {[%eval -242,24] [%wdl 0,1,999]} (23. h4 $17 {[%eval -75,28] [%wdl 0,754,246]}) 23... Bxe5 $19 24. dxe5 Ng5 25. Qh5 {Prevents Qh3+.} Rab8 26. a4 Kh7 {Hoping for ...g6.} 27. Red1 g6 28. Qh4 Rf8 29. h3 Qf5 30. Qg4 Qxg4 {[%eval -29,28] [%wdl 1,975,24]} (30... Qf3+ $1 $19 {[%eval -173,23] [%wdl 0,22,978]} 31. Qxf3 exf3+ 32. Kh2 Ne4) 31. hxg4 $11 {[%cal Oe5e6]} Ne6 32. a5 Rb5 $2 {[%eval 169,27] [%wdl 977,23,0]} (32... Rfc8 $11 {[%eval -30,37] [%wdl 1,975,24] and Black stays safe.}) 33. Rxb5 $18 cxb5 34. Rxd5 {[%mdl 4096] Endgame KRB-KRN} Rc8 {[%eval 264,24] [%wdl 1000,0,0] [#]} (34... a6 $142 {[%eval 164,24] [%wdl 970,30,0]} 35. Rd7 Kg8) 35. Bb4 {[%eval 138,30] [%wdl 890,110,0]} (35. Rd7 $1 $18 {[%eval 264,24] [%wdl 1000,0,0][%cal Rd7f7]}) 35... Kg7 {[%eval 226,23] [%wdl 999,1,0]} (35... a6 $16 {[%eval 138,30] [%wdl 890,110,0] might work better.} 36. Rd6 Nxc5) 36. c6 Rxc6 37. Rxb5 h5 38. gxh5 gxh5 39. Rb8 {[%eval 70,29] [%wdl 149,851,0]} (39. Be7 $18 {[%eval 203,28] [%wdl 997,3,0]}) 39... Ng5 {[%eval 162,25] [%wdl 973,27,0] [#]} ({Black should try} 39... Kg6 $1 $14 {[%eval 70,29] [%wdl 149,851,0]}) 40. Be7 $2 {[%eval 3,32] [%wdl 3,995,2]} (40. g4 $1 $18 {[%eval 162,25] [%wdl 973,27,0][%cal Rg4h5]}) 40... Nf3 $11 41. Rb4 Ne1+ 42. Kh2 (42. Kf1 $5 Nf3 $8 43. Kg2 $14 (43. Rxe4 $2 {too greedy.} Nd2+ 44. Ke2 Nxe4 $19)) 42... Nd3 {[%csl LRb4,LRe5,LRf2]} 43. Rb2 {[%eval -523,27] [%wdl 0,0,1000][%mdl 8192]} Nxb2 {Weighted Error Value: White=0.55/Black=0.40.  Loses game:     	White=2     	Black=1      Missed win:     	---       	Black=1      Mistake:       	White=7     	Black=6      Inaccurate:     	White=4     	Black=1      OK:         	White=9     	Black=9      Best:        	White=3     	Black=5      Strong:       	---       	---        Brilliant:      	---       	---} 0-1

[Event "TORNEIO DE ANIVERSÁRIO DO CLUBE MILITAR-RJ 2024"]
[Site "Av.  Rio Branco  251 -  4º andar - Cinelândia - Centro-RJ"]
[Date "2024.06.18"]
[Round "4.2"]
[White "Lucas Lobo Cantanhede Medeiros"]
[Black "Jorge Luiz Das Chagas Macario"]
[Result "0-1"]
[WhiteElo "1800"]
[BlackElo "2073"]
[PlyCount "48"]
[EventDate "2024.06.06"]

{[%evp 9,47,23,112,110,106,107,113,24,28,1,8,-14,-16,-32,-17,-24,-26,-53,-15,-79,-33,-135,-147,-345,-275,-342,-337,-440,-443,-449,-453,-535,-501,-526,-527,-690,-686,-652,-598,-29999]} 1. e4 {Stockfish 16.1 - Chessbase} c6 2. Nf3 d5 3. exd5 cxd5 4. d4 Bg4 5. h3 Bh5 {[%eval 112,24] [%wdl 621,378,1]} (5... Bxf3 $11 {[%eval 23,24] [%wdl 70,915,15]} 6. Qxf3 Nc6) 6. g4 $16 {B13: Caro-Kann: Exchange Variation and Panov-Botvinnik Attack.} ({RR} 6. Be2 {[%eval 10,30] [%wdl 47,930,23] 6.g4 1.02} Nc6 7. O-O (7. g4 $5 Bg6 $8 8. c4 $11) 7... e6 ({RR} 7... Nf6 8. c3 e6 9. Re1 Be7 10. Bf4 a6 11. a4 O-O 12. Nbd2 Qb6 13. Qc1 Rac8 14. Be3 Bg6 {[%eval 23,27] [%wdl 47,945,8]} (14... Qc7 $15 {[%eval -33,25] [%wdl 6,921,73]}) 15. Ne5 $11 Qd8 16. Nxg6 hxg6 17. Bd3 Na5 18. Qd1 Qb6 19. Rb1 Qc6 20. Qe2 Qxa4 $2 {[%eval 410,25] [%wdl 1000,0,0][%mdl 8192]} (20... Nc4 $14 {[%eval 47,29] [%wdl 95,903,2]}) 21. Ra1 $18 Qc6 22. Rxa5) 8. Nbd2 Nf6 9. c3 Bd6 10. Re1 Qc7 11. Nf1 (11. Ne5 $5 {[%cal Re2h5]} Bxe2 12. Qxe2 $11) 11... O-O 12. a4 Ne4 13. N3d2 Bg6 14. Nxe4 Bxe4 15. Bd3 Bxd3 16. Qxd3 Na5 17. Be3 Rfc8 18. Rab1 Nc4 19. Nd2 Qa5 20. Qc2 Rc6 {0-1 Arias Fonseca,M (1611)-Torres,J (2002) XVII Camp. Continental das Americas 2024 (1.138)}) ({RR} 6. Be2 Nc6 7. O-O (7. g4 $5 Bg6 $8 8. c4 $11) 7... Nf6 8. c3 e6 9. Re1 Be7 10. Bf4 a6 11. a4 O-O 12. Nbd2 Qb6 13. Qc1 Rac8 14. Be3 Bg6 15. Ne5 Qd8 16. Nxg6 hxg6 17. Bd3 Na5 {[%cal Of6e4]} 18. Qd1 Qb6 19. Rb1 Qc6 20. Qe2 Qxa4 $2 {[%eval 420,23] [%wdl 1000,0,0][%mdl 8192];1-0 Dias,J (1746)-Viana,V (1792) Titled Tue 23rd Jan Late 2024 (8)} (20... Nc4 $14 {[%eval 38,27] [%wdl 65,933,2]})) ({RR} 6. Be2 Nc6 7. O-O e6 8. Nbd2 Nf6 9. c3 Bd6 10. Re1 Qc7 11. Nf1 (11. Ne5 $5 {[%cal Re2h5]} Bxe2 12. Qxe2 $11) 11... O-O 12. a4 Ne4 13. N3d2 Bg6 14. Nxe4 Bxe4 15. Bd3 Bxd3 16. Qxd3 Na5 17. Be3 Rfc8 18. Rab1 Nc4 19. Nd2 Qa5 20. Qc2 Rc6 {0-1 Arias Fonseca,M (1611)-Torres,J (2002) 17th American Continental 2024 (1.138)}) 6... Bg6 7. Ne5 {Black must now prevent Bb5+.} a6 {Against Bb5+} 8. Bf4 $146 {[%eval 24,26] [%wdl 72,914,14]} (8. Bg2 $16 {[%eval 113,25] [%wdl 630,369,1]}) ({Predecessor:} 8. Nxg6 hxg6 9. Nc3 e6 10. Be3 Bd6 11. Qd2 Ne7 12. O-O-O Nbc6 13. Bg2 b5 14. Rhe1 {1-0 Cser,A (814)-Ruslin,A (976) LSS SN-2008-0-00130 2009}) 8... Nc6 $11 9. Nxg6 hxg6 10. Bg2 {[%cal Oc2c4]} e6 {Against c4} 11. Nc3 b5 12. Qd2 Bd6 13. O-O-O Nge7 14. Rhe1 {[%eval -79,22] [%wdl 1,679,320]} (14. Bxd6 $11 {[%eval -15,28] [%wdl 11,951,38] keeps the balance.} Qxd6 15. Kb1) 14... O-O 15. Bg5 {[%eval -135,24] [%wdl 0,188,812]} (15. h4 $15 {[%eval -33,26] [%wdl 5,927,68]}) 15... Qc7 16. a3 $2 {[%eval -345,23] [%wdl 0,0,1000] [#]} (16. h4 $17 {[%eval -147,26] [%wdl 0,118,882]}) 16... Rac8 {[%cal Ba8c8,Bc8b8,Bb8b6][%mdl 32]} 17. Bf1 b4 18. Bxa6 bxc3 19. Qxc3 Rb8 20. Bd2 Rb6 21. Be2 Rfb8 22. b4 {[#]} Nxb4 $1 {[%mdl 512]} 23. axb4 Bxb4 ({Inferior is} 23... Qxc3 24. Bxc3 Bxb4 25. Kd2 $17) 24. Qxc7 Ba3# {Black took control after the opening.   Weighted Error Value: White=0.81/Black=0.20 (precise) .  Loses game:     	White=1     	---        Missed win:     	---       	---        Mistake:       	White=3     	---        Inaccurate:     	White=4     	Black=2      OK:         	White=1     	Black=9      Best:        	---       	---        Strong:       	---       	---        Brilliant:      	---       	---} 0-1

[Event "TORNEIO DE ANIVERSÁRIO DO CLUBE MILITAR-RJ 2024"]
[Site "Av.  Rio Branco  251 -  4º andar - Cinelândia - Centro-RJ"]
[Date "2024.06.18"]
[Round "4.3"]
[White "Wagner Soares De Morais"]
[Black "Sérgio Murilo Soares Guimarães"]
[Result "1-0"]
[WhiteElo "2155"]
[BlackElo "2225"]
[PlyCount "127"]
[EventDate "2024.06.06"]

{[%evp 19,127,45,39,33,47,-111,57,-105,14,-114,-111,-116,-103,-108,-105,-107,-98,-138,-65,-75,-24,-33,4,-90,-23,-66,-26,-90,-90,-103,-90,-88,-75,-123,-77,-116,-79,-80,-57,-64,-56,-70,-52,-57,-21,-50,-35,-46,-42,-56,-52,-57,-54,-64,-28,-51,-6,-174,-145,-137,0,-1,0,0,0,-40,-39,-40,0,0,0,0,0,-14,-9,-6,-2,-173,-28,-42,-32,-296,-282,-296,-244,-428,-91,-219,-213,-219,504,0,1,0,305,0,0,0,246,0,0,0,210,128,161,165,171,117,29999,29999]} 1. c4 c5 2. Nc3 b6 3. Nf3 Bb7 4. g3 g6 5. Bg2 Bg7 6. O-O Nf6 7. d4 cxd4 8. Nxd4 Bxg2 9. Kxg2 O-O {9...Qc8 is the hot move.} 10. e4 Nc6 {[%cal Of6e4]} 11. Be3 {A30: Symmetrical English: Double Fianchetto and Hedgehog.} Rc8 12. Qe2 $146 {[%eval -111,27] [%wdl 0,381,619] [#]} (12. b3 $14 {[%eval 47,25] [%wdl 129,867,4] keeps the upper hand.}) ({Predecessor:} 12. b3 Qc7 13. Rc1 Qb7 14. f3 Rfd8 15. Qd2 a6 16. a4 e6 17. Rfd1 Ne5 18. Bg5 d6 {0-1 Kozak,A (2456)-Tran,T (2491) Budapest FS09 GM 2018 (7)}) 12... h5 $2 {[%eval 57,26] [%wdl 174,824,2]} (12... Nxe4 $1 $17 {[%eval -111,27] [%wdl 0,381,619][%mdl 512]} 13. Nxe4 Nxd4 14. Bxd4 Bxd4) 13. Rac1 {[%eval -105,27] [%wdl 0,436,564] [#]} (13. Nxc6 $14 {[%eval 57,26] [%wdl 174,824,2]} Rxc6 14. Bd4) 13... Ng4 {[%eval 14,29] [%wdl 36,952,12]} ({Black should play} 13... Nxe4 $1 $17 {[%eval -105,27] [%wdl 0,436,564][%mdl 512]} 14. Nxe4 Nxd4 15. Bxd4 Bxd4) 14. Rfd1 {[%eval -114,25] [%wdl 0,349,651]} (14. Nf3 $11 {[%eval 14,29] [%wdl 36,952,12] remains equal.}) 14... Nxe3+ $17 15. fxe3 Ne5 16. b3 d6 17. Nd5 Qd7 18. h3 Bh6 {[%eval -65,28] [%wdl 1,806,193]} (18... e6 $17 {[%eval -138,22] [%wdl 0,156,844]} 19. Nc3 Qe7) 19. Rf1 Nc6 (19... Bg7 {simplifies} 20. Nf3 Qb7 21. Nxe5 Bxe5 22. Qf3 a6) 20. Rcd1 (20. Nxc6 {simplifies} Rxc6 21. a4 Rc5 22. Rcd1) 20... Bg7 21. Kh2 {[%eval -90,22] [%wdl 0,597,403]} (21. g4 $11 {[%eval 4,29] [%wdl 14,977,9]}) 21... Be5 {[%eval -23,28] [%wdl 4,965,31]} (21... Ne5 $17 {[%eval -90,22] [%wdl 0,597,403]}) 22. Nf3 {Active counter play!} (22. Kg2 {simplifies} e6 23. Nxc6 Rxc6 24. Nf6+) 22... Kg7 23. Nxe5 {[%eval -90,29] [%wdl 0,599,401]} (23. Kg2 $11 {[%eval -26,25] [%wdl 3,964,33]}) 23... Nxe5 24. a4 f6 25. Kg2 Rh8 26. Rf4 Rcf8 27. Rdf1 Qd8 28. R4f2 g5 29. Nc3 Rfg8 30. Nb5 Qd7 31. Nd4 Kf8 (31... Rh7 {is interesting.} 32. a5 Rc8 33. Ra1 Kf7) 32. Rf5 Ke8 (32... Qb7 {feels hotter.} 33. Qc2 Rh7 34. R5f2 Kg7) 33. Qd1 Qb7 (33... g4 {looks sharper.} 34. h4 Qb7 35. Qc2 Kf7) 34. Qc2 Kd7 (34... g4 {is interesting.} 35. h4 Kf7 36. Kg1 Rb8) 35. Nb5 a6 (35... Rc8 {with more complications.} 36. Nc3 h4 37. g4 a6) 36. Nc3 Qc6 (36... h4 {is interesting.} 37. g4 Rc8 38. Nd5 b5) 37. Qb1 Qc5 (37... h4 $5 38. g4 $8 Kc8 $11) 38. Qe1 $2 {[%eval -174,24] [%wdl 0,15,985]} (38. b4 $11 {[%eval -6,28] [%wdl 2,993,5]} Qc6 39. Nd5) 38... g4 39. h4 Qa3 {[%eval 0,30] [%wdl 3,994,3]} (39... Qb4 $1 $17 {[%eval -137,21] [%wdl 0,107,893][%cal Rb4b3]} 40. Nd5 Qxb3) 40. Qd1 Qb2+ 41. Ne2 Nf3 42. Rf2 {[%cal Oe4e5]} Qd2 {Against e5} 43. Qc1 Qd3 44. Nc3 e6 $36 {[%mdl 2048] Against Rd5. Black is pushing.} 45. Rxf6 {Black must now prevent Rf7+.} Rf8 {Inhibits Rf7+.} 46. Rf4 Rxf4 47. exf4 Rc8 48. e5 $2 {[%eval -173,23] [%wdl 0,13,987]} (48. f5 $11 {[%eval -2,30] [%wdl 2,996,2]}) 48... dxe5 {[%eval -28,32] [%wdl 0,989,11]} (48... d5 $1 $19 {[%eval -173,23] [%wdl 0,13,987] ...d4 is the strong threat.} 49. a5 bxa5) 49. fxe5 Rf8 (49... Rc5 {is more complex.} 50. Rf1 Kc6 51. Rd1 Nxh4+ 52. gxh4 Qf3+) 50. Ne2 $2 {[%eval -296,24] [%wdl 0,0,1000][%mdl 8192]} (50. Re2 $1 $15 {[%eval -32,27] [%wdl 0,987,13]}) 50... Qe4 $1 $19 {( -> ...Nd4+)} (50... Qxb3 51. Nd4 (51. Qh6 Rf5 $17) 51... Qd3 52. Nxf3 Rxf3 53. Rd2 Rxg3+ 54. Kh2 Rh3+ 55. Kg1 Rg3+ 56. Kh2 Rh3+ 57. Kg1 Rg3+ 58. Kh2 $11) 51. Kf1 Qxe5 {Threatens to win with ...Qc5.} 52. Nf4 $2 {[%eval -428,23] [%wdl 0,0,1000]} (52. Qc3 {[%eval -244,25] [%wdl 0,0,1000] keeps fighting.} Qe4 53. Nd4) 52... Rf6 $2 {[%eval -91,27] [%wdl 0,662,338]} (52... Qd4 $19 {[%eval -428,23] [%wdl 0,0,1000] is more deadly. And now ...e5 would win.} 53. c5 bxc5) 53. Re2 {[%eval -219,26] [%wdl 0,1,999]} (53. Qd1+ $17 {[%eval -91,27] [%wdl 0,662,338] was the only defense.} Kc7 54. Rxf3 gxf3 55. Qxf3) 53... Qd4 {[%csl Gf3][%cal Rd4g1]} 54. Kg2 {[#] Prevents Qg1+.} Kc7 $4 {[%eval 504,29] [%wdl 1000,0,0][%mdl 8192]} (54... Nxh4+ $1 $19 {[%eval -219,33] [%wdl 0,1,999][%mdl 512]} 55. gxh4 Qxf4 56. Qd2+ Ke7 57. Qxf4 Rxf4) 55. Rxe6 $2 {[%eval 0,44] [%wdl 2,996,2]} (55. Nxh5 Rh6 $16) (55. Nxe6+ $18 {[%eval 504,29] [%wdl 1000,0,0]} Rxe6 56. Rxe6) 55... Kb7 56. Re2 Kc8 $2 {[%eval 305,31] [%wdl 1000,0,0][%mdl 8192]} (56... Nxh4+ $11 {[%eval 0,37] [%wdl 2,996,2] and Black is okay.} 57. gxh4 (57. Kh1 Nf5 $15) 57... Rxf4) 57. Re8+ $2 {[%eval 0,34] [%wdl 2,996,2]} (57. Nxh5 $18 {[%eval 305,31] [%wdl 1000,0,0]} Rf5 58. Nf4) 57... Kd7 $11 58. Re3 {Hoping for Rd3.} Kc8 $2 {[%eval 246,29] [%wdl 1000,0,0]} ({Don't take} 58... Rxf4 59. gxf4 Nxh4+ 60. Kh1 $16) (58... Nxh4+ $11 {[%eval 0,34] [%wdl 2,996,2] and Black has nothing to worry.} 59. Kh1 Nf3) 59. Re8+ $2 {[%eval 0,38] [%wdl 2,996,2]} (59. Nxh5 $18 {[%eval 246,29] [%wdl 1000,0,0]} Rd6 60. Nf4) 59... Kd7 60. Re3 {aiming for Rd3.} Rd6 $2 {[%eval 210,25] [%wdl 999,1,0]} (60... Rxf4 61. gxf4 Nxh4+ 62. Kh1 $16) (60... Nxh4+ $11 {[%eval 0,33] [%wdl 2,996,2]} 61. Kh1 Nf3) 61. Nd5 Kd8 62. Re2 b5 63. Qe3 {[%csl Ge2][%cal Re3e8] Really sharp!} (63. axb5 axb5 64. Nf4 bxc4) 63... bxc4 $2 {[%eval 32766,245] [%wdl 1000,0,0][%mdl 8192]} (63... Re6 $2 64. Qxd4 (64. Qxe6 $2 Qg1#) 64... Rxe2+ {[#]} 65. Qf2 $3 {[%mdl 512]} Rxf2+ 66. Kxf2 bxc4 67. bxc4 $18) (63... Qxe3 $16 {[%eval 117,30] [%wdl 694,306,0]} 64. Rxe3 Rc6) 64. Qe7+ {Both players deserved the win here. An interesting game.   Weighted Error Value: White=0.60/Black=0.59.  Loses game:     	White=3     	Black=4      Missed win:     	White=3     	Black=2      Mistake:       	White=7     	Black=6      Inaccurate:     	White=8     	Black=9      OK:         	White=10    	Black=9      Best:        	White=2     	Black=3      Strong:       	---       	Black=1      Brilliant:      	---       	---} 1-0

[Event "TORNEIO DE ANIVERSÁRIO DO CLUBE MILITAR-RJ 2024"]
[Site "Av.  Rio Branco  251 -  4º andar - Cinelândia - Centro-RJ"]
[Date "2024.06.18"]
[Round "4.6"]
[White "Adnilton Correa De Almeida Nogueira"]
[Black "Wagner Dias Fernandes"]
[Result "1-0"]
[WhiteElo "1974"]
[BlackElo "1859"]
[PlyCount "119"]
[EventDate "2024.06.06"]

1. d4 {Program Activation Required} Nf6 2. Nf3 e6 3. Bg5 h6 4. Bf4 d5 $146 ({RR} 4... d6 5. Nbd2 g5 6. Bg3 Nh5 7. e3 Bg7 8. Bd3 b6 9. Qe2 Bb7 10. O-O-O Nd7 11. e4 a6 12. Kb1 Qe7 13. c3 b5 14. e5 Nxg3 15. hxg3 dxe5 16. Nxe5 Bxe5 17. dxe5 Bxg2 18. Rh2 Bb7 19. Be4 {0-1 Senthilkumar,P (1912)-Erdos,V (2546) Titled Tue 28th May Late 2024 (3)}) ({RR} 4... Nh5 5. Bg3 Nxg3 6. hxg3 c5 7. c3 cxd4 8. cxd4 Bb4+ 9. Nbd2 Nc6 10. e3 a6 11. a3 Be7 12. Bd3 d6 13. Rc1 Bf6 14. Qb3 d5 15. Rc3 O-O 16. Bb1 Re8 17. Qc2 e5 18. Qh7+ Kf8 19. dxe5 {0-1 Bastos Seixas,P (2049)-Boabaid,J (1771) 10th Floripa Open 2024 (9.54)}) 5. c3 a6 $146 ({Predecessor:} 5... Nbd7 6. h3 c5 7. e3 cxd4 8. exd4 Be7 9. Qb3 O-O 10. Bd3 Nh5 11. Bh2 Bg5 12. O-O {0-1 Hernandez Mediavilla,J (1312)-Pascual Gonzalez,N (1593) Barcelona Sant Marti op-B 19th 2017 (4)}) 6. Nbd2 {A46: 1 d4 Nf6 2 Nf3 e6: Torre, London and Colle Systems.} Nbd7 7. e3 Nb6 8. Bd3 Bd7 9. O-O Be7 10. Ne5 g5 11. Nxd7 gxf4 12. Nxf6+ Bxf6 13. exf4 Qd6 14. Qf3 O-O-O 15. a4 Rdg8 16. b4 Rg7 17. a5 Nc4 18. Bxc4 dxc4 19. Ne4 Qc6 20. Nd2 Qxf3 21. Nxf3 Rhg8 22. g3 h5 23. Rfe1 h4 24. Kf1 hxg3 25. fxg3 c6 26. Re2 Kc7 27. Nd2 Bh4 28. Ne4 f5 29. Nc5 Kb8 30. Raa2 Be7 31. Nxe6 Rg6 32. Re3 Ka7 33. Rae2 Bd6 34. Ng5 b6 35. Re6 bxa5 36. bxa5 c5 37. d5 Kb7 38. Rb2+ Ka7 39. Rb6 Rxe6 40. Nxe6 Rb8 41. Rxd6 Rb1+ 42. Kg2 Rb2+ 43. Kh3 Rb3 44. Nxc5 Rxc3 45. Rxa6+ Kb8 46. Rb6+ Kc8 47. a6 Ra3 48. Rc6+ Kb8 49. Nd7+ Ka7 50. Rxc4 Rd3 51. Nf6 Kxa6 52. Rb4 Rd2 53. Rb3 Ka5 54. Re3 Kb6 55. Re5 Kc7 56. Rxf5 Kd8 57. Re5 Rd3 58. Kg4 Kc7 59. Kf5 Rd4 60. h4 1-0